LEADER 01195nam0-22003251i-450- 001 990000119440403321 010 $a88 7119 318 0 035 $a000011944 035 $aFED01000011944 035 $a(Aleph)000011944FED01 035 $a000011944 100 $a20011111d--------km-y0itay50------ba 101 0 $aita 105 $ay-------001yy 200 1 $aFORMAZIONE e aggiornamento di archivisti e bibliotecari$eproblemi e prospettive$eatti del Convegno. Roma, Universitàdegli Studi "La Sapienza"$e2-4 marzo 1989$fa cura di Alessandro Pratesi. 210 $aRoma$cBulzoni$d1992 215 $a263 p.$d24 cm 300 $aIn testa al front.: Comitato nazionale per le celebrazioni del 25° anniversario della Scuola speciale per archivisti e bibliotecari. 610 0 $aBibliotecari$aIstruzione professionale 610 0 $aArchivisti$aIstruzione professionale 676 $a020.71 702 1$aPratesi,$bAlessandro$f<1922-2012> 801 0$aIT$bUNINA$gRICA$2UNIMARC 901 $aBK 912 $a990000119440403321 952 $a13 U 05 06$b6968$fFINBC 959 $aFINBC 996 $aFORMAZIONE e aggiornamento di archivisti e bibliotecari$9114953 997 $aUNINA DB $aING01 LEADER 00980cam0-22003491i-450- 001 990004892620403321 005 20101206103741.0 035 $a000489262 035 $aFED01000489262 035 $a(Aleph)000489262FED01 035 $a000489262 100 $a19990604d1964----km-y0itay50------ba 101 0 $aita 102 $aIT 105 $ay-------001yy 200 1 $aCultura e ideologia in Francesco De Sanctis$fSergio Landucci 210 $aMilano$cFeltrinelli$d1964 215 $a512 p.$d23 cm 225 1 $a<>fatti e le idee$v106 610 0 $aDe Sanctis, Francesco 676 $a801.95 700 1$aLanducci,$bSergio$0170351 801 0$aIT$bUNINA$gRICA$2UNIMARC 901 $aBK 912 $a990004892620403321 952 $a3/VII H 69$bBibl. 37468$fFLFBC 952 $a801.95 DESA/S 2$fFLFBC 952 $aBIB. BAT. 7353$b15073$fBAT 959 $aFLFBC 959 $aBAT 996 $aCultura e ideologia in Francesco De Sanctis$9142769 997 $aUNINA LEADER 02479 am 22004333u 450 001 9910765705503321 005 20231206224307.0 024 7 $a10.3726/b13924 035 $a(CKB)4100000007523153 035 $a(OAPEN)1003188 035 $a(MiAaPQ)EBC30686289 035 $a(EXLCZ)994100000007523153 100 $a20200114h19971997 fy 0 101 0 $ager 135 $aurmu#---auuuu 181 $ctxt$2rdacontent 182 $cc$2rdamedia 183 $acr$2rdacarrier 200 14$aDer Beitrag Nicholas Kaldors zur Neuen Wachstumstheorie $eeine vergleichende Studie vor dem Hintergrund der Debatte über den Verdoorn-Zusammenhan /$fStephan Seiter 210 1$aFrankfurt am Main, Germany :$cPeter Lang,$d[1997] 210 31$aFrankfurt am Main, Germany :$cPeter Lang,$d[2018] 210 4$d©1997 215 $a1 online resource (XIII, 310 pages) $cdigital, PDF file(s) 225 1 $aHohenheimer volkswirtschaftliche Schriften ;$vBand 27 300 $aOriginally presented as the author?s doctoral thesis: Hohenheim, 1996. 311 08$aPrint version: 9783631316726 320 $aIncludes bibliographical references. 330 $aIn den zentralen Modellen der Neuen Wachstumstheorie (NWT) wird durch die Einführung von Externalitäten bei der Akkumulation von Sach- und Humankapital endogenes Wachstum des Pro-Kopf-Einkommens möglich. Diese Vorgehensweise basiert auf Kenneth Arrows Konzept des learning by doing. Während dabei nachfrageseitige Aspekte des Wachstumsprozesses ausgeblendet werden, finden sich diese in den wachstumstheoretischen Arbeiten von Nicholas Kaldor. Die von ihm betonte Rolle steigender Skalenerträge und des damit verbundenen Verdoorn-Zusammenhangs bilden eine wichtige Parallele zur NWT. Anhand einer kritischen Darstellung und Gegenüberstellung beider Sichtweisen verdeutlicht der Autor die Relevanz der Beiträge Kaldors für die NWT und die Notwendigkeit einer integrierten Erklärung von Wachstumsprozessen. 410 0$aHohenheimer volkswirtschaftliche Schriften ;$vBand 27. 606 $aEconomic development$xMathematical models 606 $aEconomic policy$xMathematical models 615 0$aEconomic development$xMathematical models. 615 0$aEconomic policy$xMathematical models. 700 $aSeiter$b Stephan$01348238 801 2$bUkMaJRU 906 $aBOOK 912 $a9910765705503321 996 $aDer Beitrag Nicholas Kaldors zur Neuen Wachstumstheorie$93085590 997 $aUNINA